| 000 | 00424nam a22001697a 4500 | ||
|---|---|---|---|
| 005 | 20260413170839.0 | ||
| 008 | 160611b xxu||||| |||| 00| 0 eng d | ||
| 020 | _a81-7224-22132 | ||
| 041 | _aeng | ||
| 082 | _a793.73 | ||
| 100 |
_aGeorge J. Summers _99006 |
||
| 245 | _aPuzzles & Teasers | ||
| 260 |
_aMumbai _bJaico Books Publishing House, |
||
| 300 | _a254 | ||
| 650 |
_arecreational activities _99007 |
||
| 942 | _cBK | ||
| 999 |
_c2438 _d2437 |
||